Educación y prevención en el marco de la violencia de género y los daños injustamente sufridos (Registro nro. 31864)

Detalles MARC
000 -LEADER
fixed length control field 00385 a2200109 4500
001 - CONTROL NUMBER
control field ART_50894
005 - DATE AND TIME OF LATEST TRANSACTION
control field 20260410162007.0
008 - FIXED-LENGTH DATA ELEMENTS--GENERAL INFORMATION
fixed length control field 260409a
100 1# - MAIN ENTRY--PERSONAL NAME
Personal name Tanzi, Silvia Y.
245 10 - TITLE STATEMENT
Title Educación y prevención en el marco de la violencia de género y los daños injustamente sufridos
773 0# - HOST ITEM ENTRY
Title Temas de derecho civil
Related parts - Año 6, N° 4 (abr. 2020)
Record control number REV34778

No hay ítems disponibles.